Most Guessed Currencies - Statistics

General Stats
  • This quiz has been taken 57 times
  • The average score is 13 of 20
Answer Stats
% currency % Correct
98 USA & ors dollar
100%
96 France & ors euro
98%
80 Japan yen
94%
85 UK & ors pound
90%
80 Mexico & ors peso
86%
64 Switzerland & ors franc
80%
59 Russia rouble
78%
48 Norway & ors krona/krone
75%
61 India rupee
73%
46 China yuan
69%
44 Turkey lira
65%
45 Iraq & ors dinar
53%
32 Bosnia & Herzegovina mark
47%
28 Poland złoty
45%
35 Thailand baht
43%
28 South Africa rand
43%
27 Nth and Sth Korea won
41%
31 Brazil real
39%
29 Israel shekel
39%
27 Kenya & ors shilling
37%
No matching quizzes found
Score Distribution
Percent of People with Each Score
Percentile by Number Answered
Your Score History
You have not taken this quiz